Indo-US relations / (Record no. 78218)

MARC details
000 -LEADER
fixed length control field 00616nam a22001937a 4500
005 - DATE AND TIME OF LATEST TRANSACTION
control field 20130913124105.0
010 ## - LCCN (DPL NO)
LC control number ENG-108240
020 ## - INTERNATIONAL STANDARD BOOK NUMBER
International Standard Book Number 9788192306438
Terms of availability 2150.00
035 ## - SYSTEM CONTROL NUMBER
System control number EN-91773
037 ## - SOURCE OF ACQUISITION
Source of stock number/acquisition DBAD/PUB
082 ## - DEWEY DECIMAL CLASSIFICATION NUMBER
Classification number 327.54073
100 ## - MAIN ENTRY--PERSONAL NAME
Personal name Syed, Muzaffar H.
245 ## - TITLE STATEMENT
Title Indo-US relations /
Statement of responsibility, etc by Muzaffar H. Syed
260 ## - PUBLICATION, DISTRIBUTION, ETC. (IMPRINT)
Place of publication, distribution, etc New Delhi
Name of publisher, distributor, etc Orange Books International
Date of publication, distribution, etc 2012
270 ## - ADDRESS
Address 113A, Prakasha Scout, Ansari Road, Daryaganj
City New Delhi
Postal code 110002
300 ## - PHYSICAL DESCRIPTION
Extent xii,276p.
Dimensions 22cm(Hb)
500 ## - GENERAL NOTE
General note Includes bibliographical references and index
942 ## - ADDED ENTRY ELEMENTS (KOHA)
Source of classification or shelving scheme Dewey Decimal Classification
Item type English Books
Call number suffix SYE
Classification part 327.54073
Holdings
Withdrawn status Lost status Not for loan Collection code Home library Current library Date acquired Source of acquisition Cost, normal purchase price Full call number Barcode Copy number Cost, replacement price Koha item type
    Not For Loan Non-fiction D.B.Act.Division D.B.Act.Division 30/07/2013 DBAD/PUB 2150.00 327.54073 SYE EN-91773 1 2150.00 English Books

© Delhi Public Library
Hit Counter
free hit counter